000 00798cam a22002653a 4500
001 3746
003 PGUSA
005 20140828083037.0
008 030201s2003||||xxu|||||s|||||000 1 eng d
040 _aPGUSA
_beng
042 _adc
050 4 _aPS
100 1 _aParker, Gilbert,
_d1862-1932
245 1 4 _aThe Judgment House
_h[electronic resource] /
_cGilbert Parker
260 _bProject Gutenberg,
_c2003
506 _aPublic domain in the USA.
516 _aElectronic text
653 _aMarried people -- Fiction
653 _aSouth African War, 1899-1902 -- Fiction
653 _aTriangles (Interpersonal relations) -- Fiction
653 _aMan-woman relationships -- Fiction
830 0 _aProject Gutenberg
_v3746
856 4 0 _uhttp://www.gutenberg.org/ebooks/3746
942 _cEB
999 _c233075
_d233075